BUBT Library Online Catalog

Marketing Research : An Applied Orientation (Record no. 1185)

000 -LEADER
fixed length control field 00633nam a2200217Ia 4500
003 - CONTROL NUMBER IDENTIFIER
control field BUBTL
008 - FIXED-LENGTH DATA ELEMENTS--GENERAL INFORMATION
fixed length control field 151213s9999 xx 000 0 und d
020 ## - INTERNATIONAL STANDARD BOOK NUMBER
International Standard Book Number 9780136085430
082 ## - DEWEY DECIMAL CLASSIFICATION NUMBER
Classification number 658.848/ M2948m/ 2011
100 ## - MAIN ENTRY--PERSONAL NAME
Personal name Naresh K. Malhotra
9 (RLIN) 2660
245 ## - TITLE STATEMENT
Title Marketing Research : An Applied Orientation
Statement of responsibility, etc. Naresh K. Malhotra
250 ## - EDITION STATEMENT
Edition statement 3rd
260 ## - PUBLICATION, DISTRIBUTION, ETC. (IMPRINT)
Name of publisher, distributor, etc. Prentic Hall
Date of publication, distribution, etc. 2011
300 ## - PHYSICAL DESCRIPTION
Extent [xxvii], 948p . :
Other physical details ill, Table, Graph ; 28cm.
500 ## - GENERAL NOTE
General note Includes Index.
650 ## - SUBJECT ADDED ENTRY--TOPICAL TERM
Topical term or geographic name as entry element Marketing
9 (RLIN) 2661
700 ## - ADDED ENTRY--PERSONAL NAME
Personal name Naresh K. Malhotra
9 (RLIN) 2660
856 ## - ELECTRONIC LOCATION AND ACCESS
Password 0
Logon 0
Link text Download
942 ## - ADDED ENTRY ELEMENTS (KOHA)
Source of classification or shelving scheme
Koha item type Books
Holdings
Withdrawn status Lost status Source of classification or shelving scheme Damaged status Not for loan Permanent location Current location Shelving location Date acquired Total Checkouts Full call number Barcode Date last seen Copy number Price effective from Koha item type Collection code
          Bangladesh University of Business and Technology Library Bangladesh University of Business and Technology Library Marketing Stacks 08/06/2017   658.8007 BUBTL-20031433 08/06/2017 C-1 08/06/2017 Books  
          Bangladesh University of Business and Technology Library Bangladesh University of Business and Technology Library Marketing Stacks 12/21/2019   658.848 MAM BUBTL-20031434 12/21/2019 C-2 12/21/2019 Books Non-fiction

More Information About Library

Library Hours

  • Open: 9.00 am. to 9.00 pm.
  • Only Sunday: 9.00 am. to 6.00 pm.
  • Closed: Holiday

Contact to the University

Bangladesh University of Business and Technology Library

  • Mirpurl-2, 1216.
  • Phone:
  • Fax:
  • E-Mail: admin.library@bubt.edu.bd

Contact to the Library

Contact Person:

Md. Abdul Hakim Shah
Joint Librarian
PABX No:  113
Cell No: 01816332931
E-mail: official: admin.library@bubt.edu.bd
Personal: hakim.shah@bubt.edu.bd


BUBT Library

Copyright © 2021